Statistiques concernant Devine les pays de L'Axe avec le nombre de morts

Cliquez ici pour prendre le quiz!

Statistiques générales

  • Ce quiz a été pris 96 fois
  • Le résultat moyen est 5 sur 7

Statistiques - réponses

HintRéponse% Correct
7 375 800III Reich
98%
459 500Italie
93%
3 100 000Japon
88%
980 000Hongrie
69%
903 000Roumanie
49%
25 000Bulgarie
47%
97 000Finlande
40%

Distribution des résultats

Percentile par nombre de réponses

% des personnes avec chaque résultat

Votre développement - résultats

Vous n’avez pas pris ce quiz